| 000 | 00454nam a22001817a 4500 | ||
|---|---|---|---|
| 003 | SEM | ||
| 999 |
_c72237 _d72237 |
||
| 005 | 20220608074950.0 | ||
| 008 | 220209s ||||gr|||||00| 0 eng|d | ||
| 040 |
_aSEM _cSEM |
||
| 041 | _agerm | ||
| 080 | _a802/809.1-3/I-58 | ||
| 245 | _aIndogermanisches etymologisches Wörterbuch / | ||
| 260 |
_as. l. : _bs. n., _cs. a. |
||
| 300 |
_a1183 p. ; _c25 cm |
||
| 650 | _aIndo-European dictionary | ||
| 653 | _aՍԷՄ | ||
| 942 |
_2udc _cBK |
||